| 000 | 00547nam a2200193 a 4500 | ||
|---|---|---|---|
| 001 | 872 | ||
| 003 | CDMR | ||
| 005 | 20131015102642.0 | ||
| 008 | 130130s2004||||||||||||||||||||||||||||d | ||
| 020 | _a8493255645 | ||
| 040 |
_aCDMR _bcat _cCDMR |
||
| 100 | 1 |
_aMartínez Reverte, Jorge _9681 |
|
| 245 | 1 | 3 |
_aEl cas Egunkaria _b: la cultura basca sota sospita |
| 260 |
_aBarcelona _c2004 _bCiutat Vella |
||
| 610 | 2 |
_94070 _aEgunkaria (Diari) |
|
| 650 | 0 | 4 |
_91574 _aLlibertat d'informació _zPaís Basc |
| 650 | 0 | 4 |
_94066 _aPremsa _zPaís Basc |
| 942 |
_cMON _2udc |
||
| 999 |
_c872 _d872 |
||